书目信息 |
| 题名: |
热储工程学
|
|
| 作者: | 格兰特 , 比克斯勒 编著 ;王贵玲 , 蔺文静 译 | |
| 分册: | ||
| 出版信息: | 北京 测绘出版社 2013.12 |
|
| 页数: | 288页 | |
| 开本: | 25cm | |
| 丛书名: | ||
| 单 册: | ||
| 中图分类: | TK529 | |
| 科图分类: | ||
| 主题词: | 热储--re chu--地热利用 | |
| 电子资源: | ||
| ISBN: | 978-7-5030-3262-2 | |
| 000 | 01286nam0 2200301 450 | |
| 001 | 96576 | |
| 005 | 20250912204743.50 | |
| 010 | @a978-7-5030-3262-2@b精装@dCNY98.00 | |
| 100 | @a20140523d2013 em y0chiy50 ea | |
| 101 | 1 | @achi@ceng@eeng |
| 102 | @aCN@b110000 | |
| 105 | @aak a 000yy | |
| 106 | @ar | |
| 200 | 1 | @a热储工程学@Are chu gong cheng xue@d= Geothermal reservoir engineering@f(新) 马尔科姆 A. 格兰特 (Malcolm A. Grant) , 保罗 F. 比克斯勒 (Paul F. Bixley) 编著@g王贵玲, 蔺文静译@zeng |
| 210 | @a北京@c测绘出版社@d2013.12 | |
| 215 | @a288页@c图@d25cm | |
| 306 | @a由Elsevier公司授权出版 | |
| 320 | @a有书目 (第264-288页) | |
| 330 | @a本书是一本全面系统论述热储工程学基础理论及其应用分析方法的著作。全书共分14章, 包括四大部分内容。第一部分为热储基础 ; 第二部分为热储分析方法 ; 第三部分为热储应用及管理专题 ; 第四部分对目前研究的热点问题 —— 工程型地热系统进行了简单介绍。 | |
| 500 | 10 | @aGeothermal reservoir engineering@mChinese |
| 606 | 0 | @a热储@Are chu@x地热利用 |
| 690 | @aTK529@v5 | |
| 701 | 1 | @a格兰特@Age lan te@g(Grant, Malcolm A.)@4编著 |
| 701 | 1 | @a比克斯勒@Abi ke si le@g(Bixley, Paul F.)@4编著 |
| 702 | 0 | @a王贵玲@Awang gui ling@4译 |
| 702 | 0 | @a蔺文静@Alin wen jing@4译 |
| 801 | 0 | @aCN@c20250909 |
| 905 | @a河南城建学院图书馆@dTK529@eG275 | |
| 热储工程学= Geothermal reservoir engineering/(新) 马尔科姆 A. 格兰特 (Malcolm A. Grant) , 保罗 F. 比克斯勒 (Paul F. Bixley) 编著/王贵玲, 蔺文静译.-北京:测绘出版社,2013.12 |
| 288页:图;25cm |
| ISBN 978-7-5030-3262-2(精装):CNY98.00 |
| 本书是一本全面系统论述热储工程学基础理论及其应用分析方法的著作。全书共分14章, 包括四大部分内容。第一部分为热储基础 ; 第二部分为热储分析方法 ; 第三部分为热储应用及管理专题 ; 第四部分对目前研究的热点问题 —— 工程型地热系统进行了简单介绍。 |
| ● |
| 相关链接 |
|
|
|
正题名:热储工程学
索取号:TK529/G275
 
预约/预借
| 序号 | 登录号 | 条形码 | 馆藏地/架位号 | 状态 | 备注 |
| 1 | 1638091 | 216380912 | 自科库501/501自科库 136排7列4层/ [索取号:TK529/G275] | 在馆 |